000
00286nam a22001217a 4500
008
181018b xxu||||| |||| 00| 0 eng d
041
_a
eng
080
_a
316
100
_a
50
101
_a
SOC
245
_a
Mind The Suprising Power Of Expectations
_c
Berdik,CH
942
_2
udc
_c
BK
999
_c
50108
_d
50108